
Library Catalogue

| 000 -LEADER | |
|---|---|
| fixed length control field | 02077nam a2200205Ia 4500 |
| 003 - CONTROL NUMBER IDENTIFIER | |
| control field | OSt |
| 005 - DATE AND TIME OF LATEST TRANSACTION | |
| control field | 20251210125233.0 |
| 008 - FIXED-LENGTH DATA ELEMENTS--GENERAL INFORMATION | |
| fixed length control field | 201216b2016 ||||| |||| 00| 0 eng |
| 040 ## - CATALOGING SOURCE | |
| Transcribing agency | nls |
| 100 ## - MAIN ENTRY--PERSONAL NAME | |
| Personal name | Anirudh Chakradhār |
| 245 #4 - TITLE STATEMENT | |
| Title | The Effects of Regularization of Unauthorized Colonies on the Provision of Basic Services: |
| Remainder of title | A Case study analysis of three colonies in Delhi |
| 260 ## - PUBLICATION, DISTRIBUTION, ETC. | |
| Place of publication, distribution, etc. | Bangalore |
| Name of publisher, distributor, etc. | NLSIU |
| Date of publication, distribution, etc. | 2016 |
| 300 ## - PHYSICAL DESCRIPTION | |
| Extent | 71p |
| 505 ## - FORMATTED CONTENTS NOTE | |
| Formatted contents note | Table of Contents<br/>List of Abbreviations;<br/>List of Illustrations;<br/>List of Tables;<br/>Acknowledgement;<br/>Chapter 1: Introduction;<br/>Background;<br/>Research Problem and Research Questions;<br/>Objective and Scope;<br/>Scheme of Chapters;<br/>Chapter 2: Literature Review;<br/>Informal Settlements;<br/>Urbanization in Delhi;<br/>Regularization of UACs and Service Delivery;<br/>Chapter 3: Research Methodology;<br/>Research Methods;<br/>Limitations and Ethical Issues;<br/>Chapter 4: Community Profiles & Sample Spread;<br/>Community Profiles;<br/>Sample Spread;<br/>Chapter 5: Status & History of Service Provision;<br/>Status of Water Provision;<br/>Status of Electricity Provision;<br/>Status of Sewerage Services;<br/>History of Service Provision in selected colonies;<br/>The Cost Factor of Differential Service Provisioning;<br/>Chapter 6: Stakeholders in the UAC Universe;<br/>The Identified Stakeholders;<br/>Chapter 7: Discussion of Findings;<br/>Question 1: Is Regularization a necessary precondition for legal service provisioning?;<br/>Question 2: Is Regularization an Enabling Condition for Service Provisioning?;<br/>Question 3: Do UACs that have existed as part of the city, over a long period of time receive services irrespective of regularization? What are the factors which aid UACs in receiving services?;<br/>Question 4: Through what Mechanisms do Citizens;<br/>References;<br/>Appendix A: Interview Schedule;<br/>Appendix B: Regularization Guidelines of 2008;<br/>Appendix C: Order regarding issue of PRC.<br/> |
| 650 ## - SUBJECT ADDED ENTRY--TOPICAL TERM | |
| Topical term or geographic name entry element | Informal Settlement |
| 650 ## - SUBJECT ADDED ENTRY--TOPICAL TERM | |
| Topical term or geographic name entry element | Urbanization - Delhi |
| 700 ## - ADDED ENTRY--PERSONAL NAME | |
| Personal name | Dr. Gautam Bhan - Guide |
| 856 ## - ELECTRONIC LOCATION AND ACCESS | |
| Uniform Resource Identifier | <a href="https://dans.nls.ac.in/handle/123456789/133">https://dans.nls.ac.in/handle/123456789/133</a> |
| 942 ## - ADDED ENTRY ELEMENTS (KOHA) | |
| Koha item type | Dissertation |
| Source of classification or shelving scheme | Dewey Decimal Classification |
| Withdrawn status | Lost status | Damaged status | Not for loan | Home library | Current library | Shelving location | Date acquired | Total Checkouts | Barcode | Date last seen | Price effective from | Koha item type |
|---|---|---|---|---|---|---|---|---|---|---|---|---|
| . | . | 09.08.2019 | MPP002 | 09.08.2019 | 09.08.2019 | Dissertation |